000 00552cam a22001694a 4500
005 20250605163228.0
008 250528s ||||||||||||||||||||||||d
035 _a14925
040 _aGR-AtMCL
_bgre
_dGR-AtMCL
_eAACR2
245 1 _aTangible Fixed Assets / A Guide to FRS 15
260 _bErnst & Young,
_c1999
300 _a158
520 _aExecutive Summary, Introduction, Recognition and Measurement, Valuation, Depreciation, Disclosure, Transitional Rules, Appendix 1: The Full Text of FRS 15.
942 _cBK
999 _c535
_d535